UM Logo

Introduction to human computer interaction / (Record no. 18715)

MARC details
000 -LEADER
fixed length control field 00619nam a22001697a 4500
008 - FIXED-LENGTH DATA ELEMENTS--GENERAL INFORMATION
fixed length control field 240122b ||||| |||| 00| 0 eng d
020 ## - INTERNATIONAL STANDARD BOOK NUMBER
International Standard Book Number 9789719655053
082 ## - DEWEY DECIMAL CLASSIFICATION NUMBER
Edition number 2023
Classification number DFil 004.019
Item number R32
100 ## - MAIN ENTRY--PERSONAL NAME
Personal name Revano, Teodoro F.
9 (RLIN) 40394
245 ## - TITLE STATEMENT
Title Introduction to human computer interaction /
Statement of responsibility, etc. Teodoro F. Revano and Charlemagne G Laviña.
260 ## - PUBLICATION, DISTRIBUTION, ETC. (IMPRINT)
Place of publication, distribution, etc. Manila :
Name of publisher, distributor, etc. Mindshapers CO., Inc.,
Date of publication, distribution, etc. ©2023.
300 ## - PHYSICAL DESCRIPTION
Extent viii, 344 pages :
Other physical details illustrations ;
Dimensions 25 cm.
500 ## - GENERAL NOTE
General note Includes bibliography.
650 ## - SUBJECT ADDED ENTRY--TOPICAL TERM
Topical term or geographic name as entry element Human
General subdivision Computer interaction.
9 (RLIN) 51173
700 ## - ADDED ENTRY--PERSONAL NAME
Personal name Laviña, Charlemagne G.
Relator term author.
9 (RLIN) 50761
942 ## - ADDED ENTRY ELEMENTS (KOHA)
Source of classification or shelving scheme Dewey Decimal Classification
Koha item type Filipiniana
Holdings
Withdrawn status Lost status Source of classification or shelving scheme Damaged status Not for loan Collection code Home library Current library Date acquired Source of acquisition Cost, normal purchase price Total Checkouts Full call number Barcode Date last seen Copy number Price effective from Koha item type
    Dewey Decimal Classification     Filipiniana UM Digos College - LIC UM Digos College - LIC 08/08/2023 Purchased 500.00   DFil 004.019 R32 2023 27694 05/15/2025 1 01/22/2024 Filipiniana
    Dewey Decimal Classification     Filipiniana UM Digos College - LIC UM Digos College - LIC 08/20/2024 Purchased 895.00   DFil 004.019 R32 2023 28182 05/15/2025 2 10/03/2024 Filipiniana